| 000 | 00954cab a2200253 4500 | ||
|---|---|---|---|
| 001 | WB3019-09 | ||
| 008 | 090401t1994 xxu||||| |||| 00| 0 eng d | ||
| 035 | _a(Sirsi) u52983 | ||
| 041 | _aeng | ||
| 245 | _aEconomic considerations | ||
| 260 | _c1994 | ||
| 350 | _a0 | ||
| 490 |
_aEstates Gazette Case Summaries _v1994 EGCS 85 (14/5/94) |
||
| 520 | _aIn "Richard Read (Transport) Ltd v SOS Environment and another" QBD 29 April 1994, refusal of planning permission erection of warehouse, storage, distribution, loading and parking facilities to expand a business was in contention. Impact on landscape was weighed against its economic advantages. Application refused. | ||
| 650 | _aECONOMIC CONSIDERATIONS | ||
| 650 | _aFOREST OF DEAN DC | ||
| 650 | _aHOPE V SOS ENVIRONMENT | ||
| 650 | _aPLANNING PERMISSION | ||
| 650 | _aPPG4 | ||
| 650 | _aREFUSAL | ||
| 690 | _aBUILDING AND CONSTRUCTION-CASE LAW | ||
| 942 | _n0 | ||
| 948 | _c04/03/1997 | ||
| 999 |
_c32691 _d32691 |
||